Statistics for Largest and smallest EEZ (Exclusive Economic Zone)

Click here to take the quiz!

General Stats

  • This quiz has been taken 1,217 times
  • The average score is 17 of 30

Answer Stats

Rankkm2Country% Correct
111.351.000United States
97%
47.566.673Russia
92%
56.805.586United Kingdom
91%
75.599.077Canada
90%
103.879.666China
90%
38.505.348Australia
88%
123.660.955Brazil
87%
211.035.000France
87%
84.479.388Japan
87%
66.159.032Indonesia
80%
143.177.593Mexico
80%
113.681.989Chile
75%
94.083.744New Zealand
70%
148288Monaco
58%
1461.067Singapore
52%
15150Bosnia and Herzegovina
42%
13910.090Brunei
42%
13810.225Bahrain
40%
133.441.810Kiribati
38%
152.996.419Federated States of Micronesia
37%
1443.447Belgium
36%
1427.459Djibouti
33%
147771Iraq
32%
149220Slovenia
32%
1451.606Democratic Republic of the Congo
30%
1417.745Montenegro
27%
150166Jordan
26%
1437.031Lithuania
25%
1409.974Saint Kitts and Nevis
22%
13710.503Syria
16%

Score Distribution

Percentile by Number Answered

Percent of People with Each Score

Your Score History

You have not taken this quiz